[Event "41st Olympiad Open 2014"]
[Site "Tromso NOR"]
[Date "2014.08.06"]
[Round "5.2"]
[Board "1"]
[White "Kramnik, Vladimir"]
[Black "Topalov, Veselin"]
[Result "1-0"]
[WhiteTitle "GM"]
[BlackTitle "GM"]
[WhiteElo "2760"]
[BlackElo "2772"]
[WhiteTeam "Russia"]
[BlackTeam "Bulgaria"]
[WhiteFideId "4101588"]
[BlackFideId "2900084"]
[EventDate "2014.08.02"]

1. d4 Nf6 2. c4 e6 3. Nf3 d5 4. Nc3 Be7 5. g3 O-O 6. Bg2 Nbd7 7. Qd3 Nb6 8. c5
Nbd7 9. O-O c6 10. b4 b6 11. Bf4 a5 12. a3 Ba6 13. Qc2 Nh5 14. Bd2 Nhf6 15. Bf4
Nh5 16. Bd2 Nhf6 17. Rfe1 Bc4 18. Bf4 Nh5 19. Be3 Nhf6 20. Bf4 Nh5 21. Be3 Nhf6
22. h3 h6 23. Nd2 Ba6 24. f4 bxc5 25. bxc5 Nxc5 26. dxc5 d4 27. Bf2 dxc3 28.
Qxc3 Nd5 29. Qc2 Bf6 30. e4 Bxa1 31. exd5 Qf6 32. d6 Qc3 33. Qd1 Bb2 34. Bxc6
Rad8 35. Nb1 Qf6 36. Qd2 Rb8 37. Be4 e5 38. Nc3 Qe6 39. Nd5 Qxh3 40. Bg2 Qh5 41.
d7 exf4 42. Qxf4 Bxa3 43. Qxb8 Rxb8 44. Re8+ Kh7 45. Rxb8 Qd1+ 46. Kh2 Qh5+ 47.
Bh3 Qf3 48. d8=Q Qxf2+ 49. Bg2 1-0

[Event "41st Olympiad Open 2014"]
[Site "Tromso NOR"]
[Date "2014.08.10"]
[Round "8.10"]
[Board "1"]
[White "Kramnik, Vladimir"]
[Black "Vallejo Pons, Francisco"]
[Result "0-1"]
[WhiteTitle "GM"]
[BlackTitle "GM"]
[WhiteElo "2760"]
[BlackElo "2698"]
[WhiteTeam "Russia"]
[BlackTeam "Spain"]
[WhiteFideId "4101588"]
[BlackFideId "2205530"]
[EventDate "2014.08.02"]

1. d4 Nf6 2. c4 e6 3. Nf3 d5 4. Nc3 dxc4 5. e4 Bb4 6. Bg5 c5 7. Bxc4 cxd4 8.
Nxd4 Qa5 9. Bd2 Qc5 10. Bb5+ Bd7 11. Nb3 Qc7 12. Rc1 Nc6 13. O-O O-O 14. Qe2
Rfd8 15. Bg5 Be7 16. Be3 a6 17. Bd3 Be8 18. f4 Ng4 19. Qxg4 Rxd3 20. Bf2 Qd8 21.
e5 Nb4 22. Nc5 Rd2 23. N3e4 Rxb2 24. Rfd1 Nd5 25. Nf6+ Bxf6 26. exf6 g6 27. Bd4
Rxa2 28. Qh4 Bc6 29. Ne4 Re2 30. Ng3 Nxf4 31. Qxf4 Qd5 32. Ne4 Qxe4 33. Qxe4
Rxe4 34. Bb6 g5 35. Rd2 h6 36. Bd8 a5 37. Be7 a4 38. Rc3 Kh7 39. h3 Kg6 40. Kh2
Rf4 0-1

[Event "41st Olympiad Open 2014"]
[Site "Tromso NOR"]
[Date "2014.08.06"]
[Round "5.2"]
[Board "3"]
[White "Karjakin, Sergey"]
[Black "Iotov, Valentin"]
[Result "0-1"]
[WhiteTitle "GM"]
[BlackTitle "GM"]
[WhiteElo "2786"]
[BlackElo "2553"]
[WhiteTeam "Russia"]
[BlackTeam "Bulgaria"]
[WhiteFideId "14109603"]
[BlackFideId "2906074"]
[EventDate "2014.08.02"]

1. e4 d5 2. exd5 Qxd5 3. Nc3 Qd8 4. d4 Nf6 5. Nf3 Bg4 6. h3 Bxf3 7. Qxf3 c6 8.
Qd3 e6 9. Be2 Nbd7 10. O-O Bd6 11. Bg5 Qc7 12. Ne4 Bh2+ 13. Kh1 Bf4 14. Nxf6+
Nxf6 15. Bxf6 gxf6 16. c4 O-O-O 17. Bf3 Kb8 18. Rad1 h5 19. b4 Rd7 20. b5 c5 21.
d5 Be5 22. Rde1 h4 23. a4 Qa5 24. Qa3 Qd2 25. Re3 Qb4 26. Qa2 exd5 27. Rd3 Rhd8
28. Rc1 dxc4 29. Rxd7 Rxd7 30. Qc2 c3 31. Rd1 Qb2 32. Be4 Rd2 33. Rxd2 cxd2 34.
Qd1 Qd4 0-1

[Event "41st Olympiad Open 2014"]
[Site "Tromso NOR"]
[Date "2014.08.08"]
[Round "6.5"]
[Board "1"]
[White "Kasimdzhanov, Rustam"]
[Black "Kramnik, Vladimir"]
[Result "1-0"]
[WhiteTitle "GM"]
[BlackTitle "GM"]
[WhiteElo "2700"]
[BlackElo "2760"]
[WhiteTeam "Uzbekistan"]
[BlackTeam "Russia"]
[WhiteFideId "14200244"]
[BlackFideId "4101588"]
[EventDate "2014.08.02"]

1. d4 Nf6 2. c4 e6 3. Nf3 d5 4. Nc3 Nbd7 5. Bf4 dxc4 6. e3 Bd6 7. Bxd6 cxd6 8.
Bxc4 a6 9. a4 d5 10. Bd3 b6 11. O-O O-O 12. Qb3 Qe7 13. Rac1 Bb7 14. Rc2 Rfc8
15. Rfc1 Qd6 16. Ne5 Nxe5 17. dxe5 Qxe5 18. Qxb6 Rcb8 19. Ne2 Nd7 20. Qd4 Qd6
21. f4 e5 22. fxe5 Nxe5 23. Qf4 Qe7 24. Rc7 Qe8 25. Bf5 Nc4 26. Bd7 Qf8 27. b3
Nb6 28. Bf5 d4 29. Rxf7 Kxf7 30. Bxh7+ 1-0

[Event "41st Olympiad Women 2014"]
[Site "Tromso NOR"]
[Date "2014.08.11"]
[Round "9.1"]
[Board "2"]
[White "Gunina, Valentina"]
[Black "Mkrtchian, Lilit"]
[Result "1-0"]
[WhiteTitle "GM"]
[BlackTitle "IM"]
[WhiteElo "2524"]
[BlackElo "2453"]
[WhiteTeam "Russia"]
[BlackTeam "Armenia"]
[WhiteFideId "4167570"]
[BlackFideId "13300601"]
[EventDate "2014.08.02"]

1. d4 Nf6 2. c4 e6 3. Nc3 Bb4 4. Qc2 d5 5. cxd5 Qxd5 6. Nf3 Qf5 7. Qb3 Nc6 8. a3
Ba5 9. g3 Ne4 10. Bg2 Nxd4 11. Qa4+ Nc6 12. O-O Nxc3 13. bxc3 O-O 14. Ng5 h6 15.
Be4 Qe5 16. Bf4 Qc5 17. Be3 Qe5 18. Nf3 Qh5 19. c4 Bc3 20. Rab1 e5 21. Bc5 Re8
22. Rfd1 Bf5 23. Bxf5 Qxf5 24. Rxb7 Nd4 25. Bxd4 exd4 26. Rxa7 Rab8 27. Rb7 Ra8
28. Qc6 Qc2 29. Rf1 Qxe2 30. Rxc7 d3 31. Qd5 Rad8 32. Qxf7+ Kh8 33. Rd7 Rxd7 34.
Qxd7 d2 35. Nxd2 Bxd2 36. c5 Be1 37. c6 Rf8 38. Qd4 Qd2 39. Qc5 Re8 40. c7 Qd7
41. a4 Qe6 42. a5 Qc8 43. Qb6 Bd2 44. Rd1 Qa8 45. a6 Qf3 46. Rf1 h5 47. Qb7 1-0

[Event "41st Olympiad Women 2014"]
[Site "Tromso NOR"]
[Date "2014.08.06"]
[Round "5.4"]
[Board "2"]
[White "Khotenashvili, Bela"]
[Black "Gunina, Valentina"]
[Result "0-1"]
[WhiteTitle "GM"]
[BlackTitle "GM"]
[WhiteElo "2494"]
[BlackElo "2524"]
[WhiteTeam "Georgia"]
[BlackTeam "Russia"]
[WhiteFideId "13602640"]
[BlackFideId "4167570"]
[EventDate "2014.08.02"]

1. d4 d5 2. c4 c6 3. Nf3 Nf6 4. e3 Bf5 5. Nc3 e6 6. Nh4 Bg6 7. Be2 Nbd7 8. O-O
Ne4 9. g3 Nd6 10. cxd5 exd5 11. f3 Be7 12. Nxg6 hxg6 13. e4 O-O 14. Be3 dxe4 15.
fxe4 Bg5 16. Bf2 b5 17. Bd3 Nb6 18. b3 b4 19. Na4 Nxa4 20. bxa4 f5 21. exf5 gxf5
22. Qb3+ Kh8 23. Rae1 Bd2 24. Re5 Qd7 25. Qd1 Bh6 26. Rfe1 Qf7 27. Qc2 Rad8 28.
Re7 Qh5 29. R1e5 Bg5 30. R7e6 Bf6 31. Rxd6 Rxd6 32. Rxf5 Qe8 33. Qc5 Rd5 34.
Rxd5 cxd5 35. Qxd5 g6 36. Qc5 Kg7 37. Qxa7+ Rf7 38. Qa6 Rc7 39. Qb5 Qe6 40. d5
Qg4 41. Kg2 Qd1 42. d6 Rc1 43. d7 Qh1+ 44. Kh3 Qa8 45. Qxb4 Qd5 46. Qb5 Qe6+ 47.
Kg2 Rc7 48. a5 Rxd7 49. a6 Bd4 50. Qc4 Qb6 51. Qc8 Rf7 52. Bxd4+ Qxd4 53. Qc2
Rd7 54. Be2 Qe3 55. Qc4 Rf7 56. Kh3 Rf2 57. Qc7+ Kh6 58. Bc4 Qg5 59. g4 Rf3+ 60.
Kg2 Qxg4+ 61. Kh1 Rf2 62. Qg3 Qe4+ 0-1

[Event "41st Olympiad Women 2014"]
[Site "Tromso NOR"]
[Date "2014.08.08"]
[Round "6.1"]
[Board "1"]
[White "Hou, Yifan"]
[Black "Hoang, Thanh Trang"]
[Result "1-0"]
[WhiteTitle "GM"]
[BlackTitle "GM"]
[WhiteElo "2661"]
[BlackElo "2485"]
[WhiteTeam "China"]
[BlackTeam "Hungary"]
[WhiteFideId "8602980"]
[BlackFideId "12400149"]
[EventDate "2014.08.02"]

1. e4 e6 2. d4 d5 3. Nc3 Nf6 4. Bg5 Be7 5. e5 Nfd7 6. h4 c5 7. Bxe7 Kxe7 8. Nf3
Qb6 9. Qd2 Nc6 10. O-O-O cxd4 11. Nb5 h6 12. Qf4 a6 13. Nbxd4 Nc5 14. g4 Ne4 15.
Qe3 Qa5 16. a3 Bd7 17. Bd3 Nc5 18. g5 Nxd4 19. Nxd4 hxg5 20. Qxg5+ Kf8 21. Rhg1
Nxd3+ 22. Rxd3 Rh7 23. Rf3 Ke8 24. Qf4 g6 25. h5 Qc5 26. hxg6 fxg6 27. Rxg6 Bc8
28. Rg8+ Kd7 29. Nxe6 Qa5 30. b4 Rh1+ 31. Kb2 Qb6 32. Qf7+ 1-0

[Event "41st Olympiad Women 2014"]
[Site "Tromso NOR"]
[Date "2014.08.10"]
[Round "8.5"]
[Board "1"]
[White "Muzychuk, Anna"]
[Black "Dzagnidze, Nana"]
[Result "0-1"]
[WhiteTitle "GM"]
[BlackTitle "GM"]
[WhiteElo "2555"]
[BlackElo "2550"]
[WhiteTeam "Ukraine"]
[BlackTeam "Georgia"]
[WhiteFideId "14111330"]
[BlackFideId "13601903"]
[EventDate "2014.08.02"]

1. e4 c5 2. Nf3 e6 3. d4 cxd4 4. Nxd4 a6 5. Nc3 Qc7 6. Bd3 Nf6 7. f4 Bb4 8. Bd2
Bxc3 9. Bxc3 Qxf4 10. Qe2 d5 11. Rf1 Qg4 12. exd5 Qxe2+ 13. Nxe2 Nxd5 14. Bxg7
Rg8 15. Be5 Nc6 16. Bg3 Ncb4 17. Rf3 Nxd3+ 18. Rxd3 Bd7 19. c4 Ne7 20. Rad1 Bc6
21. Bc7 Nf5 22. Nf4 f6 23. g3 e5 24. Nd5 Bxd5 25. Rxd5 Ne3 26. Rd8+ Kf7 27.
R8d7+ Kg6 28. Rc1 Rac8 29. Ke2 Nf5 30. Bb6 Rg7 31. Rxg7+ Kxg7 32. a4 Kf7 33. b3
h5 34. Rd1 Ke6 35. Kf3 Nd6 36. a5 f5 37. Bf2 Ne4 38. Rd5 Rg8 39. Rd1 h4 40. Rd5
hxg3 41. hxg3 Rh8 42. Be1 Rh2 43. Rd1 Rb2 44. b4 Rb3+ 45. Kg2 f4 46. gxf4 exf4
47. Kf1 f3 48. b5 Rb2 49. bxa6 bxa6 50. Rd8 Rb1 51. Rf8 Ke5 52. c5 Kd4 53. c6
Ke3 54. Re8 Rc1 55. c7 f2 56. Rxe4+ Kxe4 57. Kxf2 Rxc7 58. Bb4 Rc2+ 59. Ke1 Ra2
60. Kd1 Kd3 0-1

[Event "41st Olympiad Women 2014"]
[Site "Tromso NOR"]
[Date "2014.08.10"]
[Round "8.3"]
[Board "1"]
[White "Hou, Yifan"]
[Black "Socko, Monika"]
[Result "1-0"]
[WhiteTitle "GM"]
[BlackTitle "GM"]
[WhiteElo "2661"]
[BlackElo "2470"]
[WhiteTeam "China"]
[BlackTeam "Poland"]
[WhiteFideId "8602980"]
[BlackFideId "1106619"]
[EventDate "2014.08.02"]

1. e4 c5 2. Nf3 e6 3. d4 cxd4 4. Nxd4 Nc6 5. Nc3 a6 6. Be2 Qc7 7. Be3 Nf6 8. O-O
Bb4 9. Na4 O-O 10. c4 Be7 11. c5 Nxe4 12. Bf3 Nf6 13. Rc1 g6 14. Bh6 Re8 15. Qd2
Nxd4 16. Qxd4 e5 17. Qd2 d5 18. cxd6 Qxd6 19. Qxd6 Bxd6 20. Nb6 Rb8 21. Rfd1 Bf8
22. Bg5 Kg7 23. Bxf6+ Kxf6 24. Nd5+ Kf5 25. Nc7 Be6 26. Nxe8 Rxe8 27. Bxb7 Rb8
28. Bxa6 Rxb2 29. a4 Bb3 30. Rd8 Bb4 31. Rb8 Bd2 32. Ra1 Bc3 33. Ra3 Bd5 34.
Rxb2 Bxb2 35. Rd3 Bd4 36. a5 Ke6 37. g4 Kd6 38. g5 Be6 39. Bb7 Kc7 40. Be4 Bc4
41. Rh3 Kd6 42. Rxh7 Bc3 43. a6 1-0

[Event "41st Olympiad Open 2014"]
[Site "Tromso NOR"]
[Date "2014.08.12"]
[Round "10.5"]
[Board "1"]
[White "Topalov, Veselin"]
[Black "Wojtaszek, Radoslaw"]
[Result "1-0"]
[WhiteTitle "GM"]
[BlackTitle "GM"]
[WhiteElo "2772"]
[BlackElo "2735"]
[WhiteTeam "Bulgaria"]
[BlackTeam "Poland"]
[WhiteFideId "2900084"]
[BlackFideId "1118358"]
[EventDate "2014.08.02"]

1. e4 c5 2. Nf3 d6 3. d4 cxd4 4. Nxd4 Nf6 5. Nc3 a6 6. Be3 e5 7. Nb3 Be6 8. f3
Nbd7 9. g4 b5 10. g5 b4 11. Nd5 Nxd5 12. exd5 Bf5 13. Bd3 Bxd3 14. Qxd3 Be7 15.
h4 O-O 16. a3 bxa3 17. Rxa3 a5 18. Qb5 Qc7 19. Nxa5 Rfb8 20. Qc6 Qxc6 21. dxc6
d5 22. Ra2 Bd8 23. cxd7 Rxa5 24. Rxa5 Bxa5+ 25. Ke2 d4 26. Bd2 Bd8 27. Kd3 f6
28. f4 Rxb2 29. fxe5 fxe5 30. Ra1 Rb8 31. Ke4 Kf7 32. Kxe5 Rb7 33. Rf1+ Ke7 34.
g6 Rb5+ 35. Kxd4 Bb6+ 36. Kc4 Rc5+ 37. Kb3 Kxd7 38. Rf7+ Ke6 39. Rxg7 1-0